Balancing job satisfaction & performance : a guide for human resource professionals
Αποθηκεύτηκε σε:
| Κύριος συγγραφέας: | |
|---|---|
| Άλλοι συγγραφείς: | |
| Μορφή: | Βιβλίο |
| Γλώσσα: | English |
| Δημοσίευση: |
Connecticut :
Quorum Books,
1992
|
| Θέματα: | |
| Ετικέτες: |
Προσθήκη ετικέτας
Δεν υπάρχουν, Καταχωρήστε ετικέτα πρώτοι!
|
MARC
| LEADER | 00000nam a2200000 i 4500 | ||
|---|---|---|---|
| 001 | 1/55670 | ||
| 008 | 980415s1992 eng d | ||
| 020 | |a 0899306586 | ||
| 035 | |l 10027890 | ||
| 040 | |a GR-MY-UA |b gre |e aacr | ||
| 041 | 0 | |a eng | |
| 082 | 0 | |a 658.314 | |
| 100 | 1 | |a Bruce, Willa M. | |
| 245 | 1 | 0 | |a Balancing job satisfaction & performance : |b a guide for human resource professionals / |c Willa M. Bruce ; J. Walton Blackburn |
| 260 | |a Connecticut : |b Quorum Books, |c 1992 | ||
| 300 | |a ix, 245 p. | ||
| 504 | |a Includes index | ||
| 650 | 0 | 0 | |a Job satisfaction. |
| 650 | 0 | 0 | |a Quality of work life. |
| 650 | 0 | 0 | |a Performance. |
| 700 | 1 | |a Blackburn, J. Walton. | |
| 852 | |a INST |b CHIOS |e 19980415 |h 658.314 BRU |p 005200009521 |q 005200009521 |t BK |y 0 | ||
| 901 | |a BIBL-1998-1 | ||
| 909 | |a Χ |b 054382 | ||
| 922 | |a 2ΕΛΗ |b 199803 |c ΤΔΕ |d ΠΑΠΑΣΩΤΗΡΙΟΥ | ||